A expressao corporal do deficiente visual: coreografando o cotidiano

محفوظ في:
التفاصيل البيبلوغرافية
المؤلف الرئيسي: Gândara, Mari (مؤلف)
التنسيق: كتاب
اللغة:البرتغالية
منشور في: Campinas s.n 1993
الموضوعات:
الوسوم: إضافة وسم
لا توجد وسوم, كن أول من يضع وسما على هذه التسجيلة!

MARC

LEADER 00000nam a2200000 a 4500
001 UCX9528
003 CL-VaPUC
008 940613e19930000BL |||||||||||||||||por|d
082 0 4 |a 371.911  |b GAN  |2 21 
100 |a Gândara, Mari  |e author  |9 326947 
245 1 2 |a A expressao corporal do deficiente visual: coreografando o cotidiano 
300 |a 56 p 
942 |c BK 
945 |d 19940613 00:00:00  |a rbrito 
260 |a Campinas  |b s.n  |c 1993 
650 7 |a NIÑOS IMPEDIDOS FISICAMENTE  |2 CL-VaPUC  |9 308354 
650 0 |a Educación especial  |9 307486 
650 0 |a Educación física  |9 240893 
583 |a last modification  |c 20170907 01:15:58  |k Rodrigo Vera 
999 |c 228740  |d 228738 
952 |0 0  |1 0  |4 0  |6 371_911000000000000_GAN_1993  |7 0  |8 P  |9 229130  |a BIBEDU  |b BIBEDU  |c BIBEDU_PB  |d 2019-11-15  |i 2976412  |o 371.911 GAN 1993  |p 2976412  |r 2024-01-25  |w 2019-11-15  |y BK  |k EFI